000 00619nab a2200217 a 4500
001 69960
003 143905
005 20201118110723.0
008 ||||||n9999 ||| || ||
041 _aspa
100 _aYriart, Arnaldo J.
245 0 _aServicios de computacion de datos :
_bpp.279-287
260 _aBuenos Aires :
_bContabilidad Moderna,
_c1973.
562 _e0
650 _aCOMPUTADORES
650 _aDESARROLLO TECNOLÓGICO
650 _aPROCESAMIENTO ELECTRÓNICO DE DATOS
650 _aSISTEMAS DE INFORMACIÓN
773 _052502
_aAdministracion de empresas - T2-A (1973)
942 _cSART
999 _c69960
_d69960